Sewing technique Malay traditional attire = Teknik menjahit pakaian tradisi Melayu

Bibliographic Details
Main Author: Rosita Jaafar
Format: Book
Published: Selangor : FTIM Designing Centre , 2009
Subjects:

MARC

LEADER 00000cam a2200000 7i4500
001 0000029123
005 20100310.0
008 100310
020 |a 9834358235 
090 0 0 |a 646.404   |b ROS 
100 0 |a Rosita Jaafar 
245 1 0 |a Sewing technique Malay traditional attire = Teknik menjahit pakaian tradisi Melayu   |c Rosita Jaafar 
260 |a Selangor :   |b FTIM Designing Centre ,   |c 2009 
650 0 |a Dressmaking   |x Handbooks, manuals, etc 
650 0 |a Sewing   |x Handbooks, manuals, etc 
650 0 |a Tailoring   |x Patterns 
999 |a 0001067306   |b Book   |c Adult Collection   |e Perbadanan Perpustakaan Awam Johor 
999 |a 0001067717   |b Book   |c Adult Collection   |e Cawangan Segamat 
999 |a 0001067941   |b Book   |c Adult Collection   |e Cawangan Mersing 
999 |a 0001068650   |b Book   |c Adult Collection   |e Cawangan Bandar Penawar 
999 |a 0001068926   |b Book   |c Adult Collection   |e Perbadanan Perpustakaan Awam Johor 
999 |a 0001141727   |b Book   |c Adult Collection   |e Perbadanan Perpustakaan Awam Johor 
999 |a 0001141728   |b Book   |c Adult Collection   |e Perbadanan Perpustakaan Awam Johor 
999 |a 0001141730   |b Book   |c Adult Collection   |e Perbadanan Perpustakaan Awam Johor